Statistics for The Fresh Prince of Bel-Air Cast

Click here to take the quiz!

General Stats

  • This quiz has been taken 6 times
  • The average score is 4 of 12

Answer Stats

Answer% Correct
Will Smith
100%
Carlton Banks
60%
Jazz
60%
Ashley Banks
40%
Hilary Banks
40%
Philip Banks
40%
Vivian Banks
40%
Nicky Banks
20%
Viola Smith
20%
Geoffrey Butler
0%
Jackie Ames
0%
Lisa Wilkes
0%

Score Distribution

Percentile by Number Answered

Percent of People with Each Score

Your Score History

You have not taken this quiz